000 00551nam a22002057a 4500
003 OSt
005 20260421151702.0
008 260421b |||||||| |||| 00| 0 eng d
020 _a978-93-7098-197-3
040 _cSBCL
082 _a894.8123
_bGOP-T
100 _aGopikrishnan, P.N
245 _aThakarnna Palliyanu Valiyapalli
260 _aDC Kizhakemuri Edam
_bDC Books
_c2025
300 _a109p.
630 _xLiterature
650 _a Literatures of other languages
650 _aAltaic, Uralic, Hyperborean & Dravidian
942 _cBOOK
999 _c137996
_d137996